Tersenyumlah

Bibliographic Details
Main Author: Al-Qarni, 'Aidh Abdullah
Other Authors: Muhammad
Format: Book
Published: Kuala Lumpur : Jasmin Enterprise , 2006
Subjects:

MARC

LEADER 00000cam a2200000 7i4500
001 0000003620
005 20080114.0
020 0 0 |a 9833423558 
090 0 0 |a 153.8   |b QAR 
100 1 0 |a Al-Qarni, 'Aidh Abdullah 
245 1 0 |a Tersenyumlah   |c 'Aidh Abdullah al-Qarni ; terjemahan Muhammad 
260 0 0 |a Kuala Lumpur :   |b Jasmin Enterprise ,   |c 2006 
300 |a xix, 262ms. ;   |c 22cm. 
650 0 0 |a Motivation (Psychology) 
650 0 0 |a Parables 
700 1 1 |a Muhammad 
999 |a 0000006909   |b Monograph   |c Open Shelf   |e Default branch